000 01307nam0a2200301 4500
001 RU\NLR\ONL2\17212
005 20250613131544.0
010 _a978-5-295-04686-5
_95000
035 _a(NLR Aleph) 009664797
090 _a9631402
_c9631402
100 _a20100331d2009 |||y0rusy50 ca
101 0 _abak
102 _aRU
105 _ay |||||||||
200 1 _aКөрьэн кэрим
_e[Сауд Fэрэбстанында нэшер ителгэн Көрьэнден фотокусермэhе, гэрэп тексынын хэзерге башkорт язмаhына ярашлы бирелгэн транскрипцияhы, башkортсага тэржемэ
_fбашkортсага тэрж.: филол. фэн. канд. Э.F.Бейешев,
_gтранскрипция: филол. фэн. канд. Н.Э.Сөйэрголов
_gбасманы төз. F.А.Хисамов]
210 _aӨфө
_cКитап
_d2009
215 _a958 б.
_d25
541 1 _aКоран карим.
_zrus
605 _aКоран
_91276425
_3RU\NLR\auth\66526004
686 1 _aЭ38-210.1
702 1 _aХисамов
_bF. А.
_4220
801 0 _aRU
_bNLR
_c20100331
_gPSBO
852 _aNLR
_bОНЛ
_jБашк./4-497
942 _cBOOK
980 _aNB
980 _aONL_RF